[Event "Titled Tuesday intern op 09th Jan Early"]
[Site "Chess.com INT"]
[Date "2024.01.09"]
[Round "1"]
[White "Murzin, Volodar"]
[Black "Poeta, Caio Medeiros"]
[Result "1-0"]
[WhiteElo "2635"]
[BlackElo "2088"]
[PlyCount "55"]
[EventDate "2024.01.09"]
[EventType "swiss (blitz)"]
[EventRounds "11"]
[EventCountry "USA"]
[SourceTitle "CB03_2024"]
[SourceDate "2024.01.17"]
[SourceVersion "1"]
[SourceVersionDate "2024.01.17"]
[SourceQuality "1"]

1. d4 d5 2. f3 Nf6 3. Nc3 g6 4. e4 dxe4 5. fxe4 Bg7 6. Nf3 0-0 7. Bc4 c5 8. d5 b5 9. Bxb5 Nxe4 10. Nxe4 Qa5+ 11. Nc3 Bxc3+ 12. bxc3 Qxb5 13. Kf2 Bg4 14. Re1 Re8 15. Qd3 c4 16. Qd4 Bxf3 17. Bh6 f6 18. gxf3 Nd7 19. Rab1 Qa6 20. Re6 Qxa2 21. Rb7 Qxc2+ 22. Kg3 Rad8 23. d6 Ne5 24. Rxe5 fxe5 25. Qxe5 Kf7 26. Rxe7+ Rxe7 27. Qxe7+ Kg8 28. Qg7# 1-0

[Event "Titled Tuesday intern op 7th Mar Late"]
[Site "Chess.com INT"]
[Date "2023.03.07"]
[Round "2"]
[White "Einarsson, Halldor Gretar"]
[Black "Poeta, Caio Medeiros"]
[Result "0-1"]
[WhiteElo "2216"]
[BlackElo "2088"]
[PlyCount "58"]
[EventDate "2023.03.07"]
[EventType "swiss (blitz)"]
[EventRounds "11"]
[EventCountry "USA"]
[SourceTitle "EXT 2024"]
[Source "ChessBase"]
[SourceDate "2023.10.10"]
[SourceVersion "1"]
[SourceVersionDate "2023.10.10"]
[SourceQuality "1"]

1. d4 d5 2. Nf3 Nf6 3. g3 e6 4. c4 Be7 5. Bg2 0-0 6. 0-0 c6 7. Qc2 Nbd7 8. Nbd2 b6 9. e4 Ba6 10. b3 Rc8 11. e5 Ne8 12. Re1 c5 13. cxd5 cxd4 14. Qd1 exd5 15. Nxd4 Nc5 16. Ba3 Nc7 17. Nc6 Qd7 18. Nxe7+ Qxe7 19. Nf3 Rfd8 20. Nd4 N7e6 21. Nf5 Qg5 22. Nd6 Rb8 23. Bxd5 Nd3 24. Re3 Nxe5 25. h4 Qf6 26. Bb2 Nd4 27. Bxd4 Qxd6 28. Rxe5 Kh8 29. Qg4 f6 0-1

[Event "Titled Tuesday intern op 7th Mar Late"]
[Site "Chess.com INT"]
[Date "2023.03.07"]
[Round "4"]
[White "Pesotskiy, Mikhail"]
[Black "Poeta, Caio Medeiros"]
[Result "0-1"]
[WhiteElo "2153"]
[BlackElo "2088"]
[PlyCount "64"]
[EventDate "2023.03.07"]
[EventType "swiss (blitz)"]
[EventRounds "11"]
[EventCountry "USA"]
[SourceTitle "EXT 2024"]
[Source "ChessBase"]
[SourceDate "2023.10.10"]
[SourceVersion "1"]
[SourceVersionDate "2023.10.10"]
[SourceQuality "1"]

1. d4 d5 2. c4 c6 3. Nf3 Nf6 4. Nbd2 e6 5. e3 Bd6 6. b3 0-0 7. Bb2 Nbd7 8. Bd3 b6 9. 0-0 Bb7 10. Ne5 dxc4 11. Ndxc4 Be7 12. Rc1 c5 13. Bb1 cxd4 14. Qxd4 Nxe5 15. Nxe5 Qxd4 16. Bxd4 Rac8 17. Bb2 Nd5 18. Rfd1 Bf6 19. Kf1 Rfd8 20. Ke1 Be7 21. f3 Nxe3 22. Rxd8+ Rxd8 23. Ke2 Nd5 24. Nc6 Nf4+ 25. Ke3 Nxg2+ 26. Ke2 Nf4+ 27. Kf1 Bxc6 28. Rxc6 Rd1+ 29. Kf2 Rxb1 30. Rc8+ Bf8 31. Ba3 Ng6 32. h4 h5 0-1

[Event "Paulista-chTA"]
[Site "Sao Paulo"]
[Date "2023.03.04"]
[Round "2"]
[White "Miquelin, Nicolas Seoane"]
[Black "Poeta, Caio Medeiros"]
[Result "0-1"]
[WhiteElo "2116"]
[BlackElo "2088"]
[PlyCount "124"]
[EventDate "2023.03.03"]
[EventType "team-tourn"]
[EventRounds "5"]
[EventCountry "BRA"]
[SourceTitle "CBM 213 Extra"]
[Source "ChessBase"]
[SourceDate "2023.05.31"]
[SourceVersion "1"]
[SourceVersionDate "2023.05.31"]
[SourceQuality "1"]
[WhiteTeam "PMFC"]
[BlackTeam "AXSCS"]
[WhiteTeamCountry "BRA"]
[BlackTeamCountry "BRA"]

1. e4 c6 2. d4 d5 3. e5 c5 4. dxc5 Nc6 5. Nf3 Bg4 6. Bb5 Qa5+ 7. Nc3 e6 8. Be3 Nge7 9. a3 0-0-0 10. Bd4 Nxd4 11. Qxd4 Bxf3 12. gxf3 Nf5 13. Qf4 Qc7 14. Bd3 g5 15. Qxg5 Qxe5+ 16. Kf1 Be7 17. Qg4 Nd4 18. f4 Qf6 19. Rg1 Bxc5 20. Rd1 h6 21. f5 e5 22. Qg7 Be7 23. Be2 Kb8 24. Qxf6 Bxf6 25. Bh5 Rd7 26. Nxd5 Rxd5 27. c3 Rd7 28. cxd4 exd4 29. Be2 d3 30. Rxd3 Rxd3 31. Bxd3 Bxb2 32. a4 Rd8 33. Ke2 Be5 34. h3 Rd4 35. Rg4 Kc7 36. Bc4 f6 37. Ke3 Rd1 38. Rg6 Ra1 39. Rg7+ Kd6 40. Bd3 Kc5 41. Rxb7 Rxa4 42. Be4 a5 43. Rh7 Ra3+ 44. Bd3 a4 45. Rxh6 Rxd3+ 46. Kxd3 a3 47. f4 Bd4 48. Rh8 a2 49. Rc8+ Kd6 50. Rd8+ Ke7 51. Rxd4 a1Q 52. Re4+ Kd6 53. Re3 Qb1+ 54. Ke2 Qxf5 55. Rf3 Kd5 56. Kf2 Qc2+ 57. Kg3 Ke4 58. Rf2 Qb3+ 59. Kg2 Qg8+ 60. Kh2 f5 61. Rf1 Ke3 62. Rg1 Qc4 0-1

[Event "Paulista-chTA"]
[Site "Sao Paulo"]
[Date "2023.03.04"]
[Round "3"]
[White "Poeta, Caio Medeiros"]
[Black "Batista, Renato Luiz"]
[Result "1-0"]
[WhiteElo "2088"]
[BlackElo "2174"]
[PlyCount "45"]
[EventDate "2023.03.03"]
[EventType "team-tourn"]
[EventRounds "5"]
[EventCountry "BRA"]
[SourceTitle "CBM 213 Extra"]
[Source "ChessBase"]
[SourceDate "2023.05.31"]
[SourceVersion "1"]
[SourceVersionDate "2023.05.31"]
[SourceQuality "1"]
[WhiteTeam "AXSCS"]
[BlackTeam "LXSBC"]
[WhiteTeamCountry "BRA"]
[BlackTeamCountry "BRA"]

1. d4 d5 2. Nf3 Nf6 3. c4 dxc4 4. g3 e6 5. Bg2 c5 6. 0-0 Nc6 7. Qa4 Bd7 8. dxc5 Bxc5 9. Qxc4 Qe7 10. Bg5 Rc8 11. Bxf6 gxf6 12. Nc3 Ne5 13. Nxe5 Bxf2+ 14. Rxf2 Rxc4 15. Nxc4 Qb4 16. Ne4 f5 17. a3 Qb3 18. Ned6+ Ke7 19. Bxb7 Bb5 20. Rf3 Bxc4 21. Rxb3 Bxb3 22. Nc8+ Kd7 23. Rc1 1-0

[Event "Titled Tuesday intern op 28th Feb Late"]
[Site "Chess.com INT"]
[Date "2023.02.28"]
[Round "4"]
[White "Clawitter, Craig"]
[Black "Poeta, Caio Medeiros"]
[Result "1-0"]
[WhiteElo "2050"]
[BlackElo "2088"]
[PlyCount "113"]
[EventDate "2023.02.28"]
[EventType "swiss (blitz)"]
[EventRounds "11"]
[EventCountry "USA"]
[SourceTitle "CBM 213 Extra"]
[Source "ChessBase"]
[SourceDate "2023.05.31"]
[SourceVersion "1"]
[SourceVersionDate "2023.05.31"]
[SourceQuality "1"]

1. e4 c6 2. d4 d5 3. e5 c5 4. Nf3 Nc6 5. dxc5 Bg4 6. a3 e6 7. b4 Bxf3 8. Qxf3 Nxe5 9. Bb5+ Nc6 10. c4 Nf6 11. Nc3 Be7 12. cxd5 Nxd5 13. Nxd5 exd5 14. 0-0 0-0 15. Bb2 a6 16. Bd3 Re8 17. Rad1 Bf8 18. Bxh7+ Kxh7 19. Rxd5 Qe7 20. Rh5+ Kg8 21. Qh3 f6 22. Rh8+ Kf7 23. Qh5+ Ke6 24. Re1+ Ne5 25. Bxe5 Kd7 26. Rd1+ Kc6 27. Qf3+ Kb5 28. Qd3+ Ka4 29. Bd6 Qe6 30. g3 Rad8 31. Qc2+ Qb3 32. Qxb3+ Kxb3 33. Rd3+ Kc4 34. Re3 Rxe3 35. fxe3 Be7 36. Rxd8 Bxd8 37. Kf2 Kb3 38. Kf3 Kxa3 39. b5 Kb3 40. c6 bxc6 41. bxc6 a5 42. c7 Bxc7 43. Bxc7 a4 44. Bd6 a3 45. Bxa3 Kxa3 46. Kf4 Kb4 47. Kf5 Kc4 48. Kg6 Kd3 49. Kxg7 Kxe3 50. Kxf6 Kf3 51. Kg5 Kg2 52. h4 Kxg3 53. h5 Kf3 54. h6 Ke4 55. h7 Kf3 56. h8Q Kg3 57. Qf6 1-0

[Event "Titled Tuesday intern op 28th Feb Late"]
[Site "Chess.com INT"]
[Date "2023.02.28"]
[Round "7"]
[White "Poeta, Caio Medeiros"]
[Black "Huang, Alex"]
[Result "1-0"]
[WhiteElo "2088"]
[BlackElo "2009"]
[PlyCount "101"]
[EventDate "2023.02.28"]
[EventType "swiss (blitz)"]
[EventRounds "11"]
[EventCountry "USA"]
[SourceTitle "CBM 213 Extra"]
[Source "ChessBase"]
[SourceDate "2023.05.31"]
[SourceVersion "1"]
[SourceVersionDate "2023.05.31"]
[SourceQuality "1"]

1. d4 Nf6 2. c4 g6 3. Nc3 Bg7 4. e4 d6 5. f3 0-0 6. Be3 c5 7. dxc5 dxc5 8. Qxd8 Rxd8 9. Bxc5 Nc6 10. Nd5 a5 11. Nxe7+ Nxe7 12. Bxe7 Re8 13. Bxf6 Bxf6 14. 0-0-0 Be6 15. Kb1 Rac8 16. Rc1 Red8 17. Be2 Rd2 18. Rc2 Rxc2 19. Kxc2 Bxc4 20. Bxc4 Rxc4+ 21. Kb1 Rb4 22. b3 Rd4 23. Kc2 Bg5 24. Nh3 Rd2+ 25. Kc3 Bh6 26. g4 Rxa2 27. g5 Bg7+ 28. Kc4 Rc2+ 29. Kb5 Rc3 30. Rf1 Rxb3+ 31. Kxa5 Bd4 32. Nf4 Rb2 33. h3 Bc3+ 34. Ka4 Bd2 35. Nd3 Rb6 36. f4 Kf8 37. Rd1 Be3 38. Re1 Bd2 39. Re2 Bc3 40. Rc2 Bd4 41. Nb4 Be3 42. Rc8+ Kg7 43. Nd5 Ra6+ 44. Kb5 Bd4 45. f5 gxf5 46. exf5 h6 47. f6+ Kg6 48. Rg8+ Kh5 49. Nf4+ Kh4 50. gxh6 Rb6+ 51. Kc4 1-0

[Event "Titled Tuesday intern op 28th Feb Late"]
[Site "Chess.com INT"]
[Date "2023.02.28"]
[Round "3"]
[White "Poeta, Caio Medeiros"]
[Black "Todev, Simeon"]
[Result "0-1"]
[WhiteElo "2088"]
[BlackElo "2119"]
[PlyCount "64"]
[EventDate "2023.02.28"]
[EventType "swiss (blitz)"]
[EventRounds "11"]
[EventCountry "USA"]
[SourceTitle "CBM 213 Extra"]
[Source "ChessBase"]
[SourceDate "2023.05.31"]
[SourceVersion "1"]
[SourceVersionDate "2023.05.31"]
[SourceQuality "1"]

1. d4 c5 2. c3 cxd4 3. cxd4 d5 4. Nf3 Nc6 5. Nc3 g6 6. e3 Bg7 7. Be2 e6 8. 0-0 Nge7 9. a3 0-0 10. b4 e5 11. dxe5 Nxe5 12. Bb2 Be6 13. Rc1 Rc8 14. Nd4 N7c6 15. f4 Nxd4 16. exd4 Nc4 17. Bxc4 Rxc4 18. Na4 b6 19. Rxc4 dxc4 20. Qd2 Qd7 21. Nc3 Bxd4+ 22. Kh1 Rd8 23. Qe2 Bxc3 24. Bxc3 Qd3 25. Qe1 Bg4 26. Rg1 Qe2 27. Qh4 Rd1 28. Qf6 Rxg1+ 29. Kxg1 Qe3+ 30. Kf1 Be2+ 31. Ke1 Bd3+ 32. Kd1 Qe2+ 0-1

[Event "Titled Tuesday intern op 21st Feb Early"]
[Site "Chess.com INT"]
[Date "2023.02.21"]
[Round "2"]
[White "Liyanage, Ranindu Dilshan"]
[Black "Poeta, Caio Medeiros"]
[Result "1-0"]
[WhiteElo "2342"]
[BlackElo "2088"]
[PlyCount "43"]
[EventDate "2023.02.21"]
[EventType "swiss (blitz)"]
[EventRounds "11"]
[EventCountry "USA"]
[SourceTitle "CBM 212 Extra"]
[Source "ChessBase"]
[SourceDate "2023.03.31"]
[SourceVersion "1"]
[SourceVersionDate "2023.03.31"]
[SourceQuality "1"]

1. d4 Nf6 2. Nc3 c5 3. d5 e6 4. e4 exd5 5. exd5 d6 6. Nf3 g6 7. a4 Bg7 8. Bd3 0-0 9. 0-0 a6 10. h3 b6 11. Bf4 Bb7 12. Bc4 Ne8 13. Qd2 Nc7 14. Rfe1 b5 15. axb5 axb5 16. Rxa8 Bxa8 17. Nxb5 Nxb5 18. Bxb5 Bxb2 19. c3 Ba3 20. Bh6 c4 21. Bxf8 Kxf8 22. Qh6+ 1-0

[Event "Titled Tuesday intern op 21st Feb Late"]
[Site "Chess.com INT"]
[Date "2023.02.21"]
[Round "8"]
[White "Stachanczyk, Jacek"]
[Black "Poeta, Caio Medeiros"]
[Result "0-1"]
[WhiteElo "2189"]
[BlackElo "2088"]
[PlyCount "44"]
[EventDate "2023.02.21"]
[EventType "swiss (blitz)"]
[EventRounds "11"]
[EventCountry "USA"]
[SourceTitle "CBM 212 Extra"]
[Source "ChessBase"]
[SourceDate "2023.03.31"]
[SourceVersion "1"]
[SourceVersionDate "2023.03.31"]
[SourceQuality "1"]

1. e4 c6 2. Nf3 d5 3. exd5 cxd5 4. Ne5 Nf6 5. Bb5+ Nbd7 6. d4 g6 7. 0-0 Bg7 8. f4 0-0 9. c3 Ne4 10. Nd2 Nxd2 11. Bxd2 Nxe5 12. fxe5 Bxe5 13. dxe5 Qb6+ 14. Rf2 Qxb5 15. Qf3 Qxb2 16. Raf1 Be6 17. Bh6 Qa3 18. Bxf8 Rxf8 19. h3 Rc8 20. Rc2 Rc6 21. Kh1 d4 22. Rfc1 Bf5 0-1

[Event "Titled Tuesday intern op 14th Feb Late"]
[Site "Chess.com INT"]
[Date "2023.02.14"]
[Round "10"]
[White "Poeta, Caio Medeiros"]
[Black "Georg, Heinz"]
[Result "1-0"]
[WhiteElo "2088"]
[BlackElo "2167"]
[PlyCount "63"]
[EventDate "2023.02.14"]
[EventType "swiss (blitz)"]
[EventRounds "11"]
[EventCountry "USA"]
[SourceTitle "CBM 212 Extra"]
[Source "ChessBase"]
[SourceDate "2023.03.31"]
[SourceVersion "1"]
[SourceVersionDate "2023.03.31"]
[SourceQuality "1"]

1. d4 f5 2. e4 fxe4 3. Nc3 Nf6 4. Bg5 Nc6 5. d5 Ne5 6. Qd4 Nf7 7. Bxf6 exf6 8. Nxe4 f5 9. Ng3 d6 10. 0-0-0 g6 11. h4 Bh6+ 12. Kb1 0-0 13. h5 Bg7 14. Qd2 Qf6 15. c3 g5 16. Nf3 h6 17. Bd3 Bd7 18. Nd4 f4 19. Ngf5 Ne5 20. Nxg7 Kxg7 21. Ka1 Nxd3 22. Qxd3 Rae8 23. Rhe1 Re5 24. Nf3 Bf5 25. Qb5 Rxe1 26. Rxe1 b6 27. Qc6 Rf7 28. Nd4 Bd7 29. Qxc7 Bf5 30. Re7 Be4 31. Ne6+ Kg8 32. Qd8+ 1-0

[Event "Titled Tuesday intern op 14th Feb Late"]
[Site "Chess.com INT"]
[Date "2023.02.14"]
[Round "6"]
[White "Poeta, Caio Medeiros"]
[Black "Koellner, Ruben Gideon"]
[Result "0-1"]
[WhiteElo "2088"]
[BlackElo "2410"]
[PlyCount "64"]
[EventDate "2023.02.14"]
[EventType "swiss (blitz)"]
[EventRounds "11"]
[EventCountry "USA"]
[SourceTitle "CBM 212 Extra"]
[Source "ChessBase"]
[SourceDate "2023.03.31"]
[SourceVersion "1"]
[SourceVersionDate "2023.03.31"]
[SourceQuality "1"]

1. d4 d6 2. c4 e5 3. Nf3 e4 4. Nfd2 f5 5. e3 Nf6 6. Nc3 c5 7. Be2 Nc6 8. Nb3 Be7 9. 0-0 0-0 10. f3 Re8 11. fxe4 Nxe4 12. Nxe4 fxe4 13. Bd2 cxd4 14. exd4 Bf6 15. d5 Nd4 16. Bc3 Nxb3 17. axb3 Qb6+ 18. Kh1 Bxc3 19. bxc3 Bd7 20. Qd4 Qxb3 21. Bh5 Re5 22. Bf7+ Kh8 23. Rfb1 Qc2 24. Rxb7 Bc8 25. Rbb1 e3 26. Re1 e2 27. Be6 Bxe6 28. dxe6 Rxe6 29. Rxa7 Rxa7 30. Qxa7 h6 31. Qb8+ Kh7 32. Qf8 Rf6 0-1

[Event "Titled Tuesday intern op 14th Feb Late"]
[Site "Chess.com INT"]
[Date "2023.02.14"]
[Round "4"]
[White "Sabar, Ethmane Daouda"]
[Black "Poeta, Caio Medeiros"]
[Result "1-0"]
[WhiteElo "2040"]
[BlackElo "2088"]
[PlyCount "93"]
[EventDate "2023.02.14"]
[EventType "swiss (blitz)"]
[EventRounds "11"]
[EventCountry "USA"]
[SourceTitle "CBM 212 Extra"]
[Source "ChessBase"]
[SourceDate "2023.03.31"]
[SourceVersion "1"]
[SourceVersionDate "2023.03.31"]
[SourceQuality "1"]

1. e4 c6 2. d4 d5 3. Nc3 dxe4 4. Nxe4 Bf5 5. Ng3 Bg6 6. h4 h6 7. h5 Bh7 8. Nf3 Nd7 9. Bd3 Bxd3 10. Qxd3 e6 11. Bf4 Qa5+ 12. Bd2 Bb4 13. c3 Be7 14. 0-0 Ngf6 15. b4 Qc7 16. Ne4 Nxh5 17. g3 0-0 18. Kg2 Rad8 19. Rh1 Nhf6 20. Nxf6+ Bxf6 21. Qe4 e5 22. Nh4 Bxh4 23. Rxh4 f5 24. Qf3 e4 25. Qe2 Rf6 26. Qc4+ Kh7 27. Bg5 Rdf8 28. Bxf6 Nxf6 29. Qe6 Nd5 30. Rah1 Rf6 31. Qe8 Nxc3 32. a3 Nd5 33. b5 Qa5 34. bxc6 bxc6 35. Rb1 Nb6 36. Rc1 Qxa3 37. Rxc6 Qf3+ 38. Kg1 Rxc6 39. Qxc6 e3 40. Qxf3 exf2+ 41. Kxf2 Nc4 42. Qxf5+ Kg8 43. Qd5+ Kh7 44. Qxc4 Kg6 45. Rg4+ Kh7 46. Qf7 h5 47. Qxg7# 1-0

[Event "Titled Tuesday intern op 17th Jan Early"]
[Site "Chess.com INT"]
[Date "2023.01.17"]
[Round "8"]
[White "Korchmar, Vasiliy"]
[Black "Poeta, Caio Medeiros"]
[Result "1-0"]
[WhiteElo "2438"]
[BlackElo "2088"]
[PlyCount "189"]
[EventDate "2023.01.17"]
[EventType "swiss (blitz)"]
[EventRounds "11"]
[EventCountry "USA"]
[SourceTitle "CBM 212 Extra"]
[Source "ChessBase"]
[SourceDate "2023.03.31"]
[SourceVersion "1"]
[SourceVersionDate "2023.03.31"]
[SourceQuality "1"]

1. Nf3 Nf6 2. g3 b6 3. Bg2 Bb7 4. c4 c5 5. 0-0 d5 6. cxd5 Nxd5 7. d4 e6 8. Ne5 Nc6 9. Nxc6 Bxc6 10. Nc3 Qd7 11. e4 Nxc3 12. bxc3 cxd4 13. cxd4 Rd8 14. d5 Bb5 15. Re1 Bb4 16. Bd2 Bxd2 17. Qxd2 0-0 18. Rad1 exd5 19. exd5 Qd6 20. h4 Rc8 21. Qg5 h6 22. Qe7 Rfd8 23. Qxa7 Rb8 24. Qe7 Ra8 25. Qe3 Rxa2 26. Rb1 Ra5 27. Rb3 Re8 28. Qd2 Rxe1+ 29. Qxe1 Bc4 30. Qe8+ Qf8 31. Qxf8+ Kxf8 32. Rxb6 Bxd5 33. f3 g6 34. Rb2 h5 35. Kh2 Kg7 36. Rf2 Ra3 37. g4 hxg4 38. fxg4 Bxg2 39. Kxg2 Rb3 40. g5 Ra3 41. Rf3 Ra2+ 42. Kg3 Ra4 43. Rf4 Ra3+ 44. Kg4 Ra1 45. Rf3 Rg1+ 46. Kf4 Rh1 47. Kg4 Rg1+ 48. Rg3 Rf1 49. Kh3 Kf8 50. Rb3 Kg7 51. Rb4 Ra1 52. Kg3 Rg1+ 53. Kf4 Ra1 54. Ke5 Rf1 55. Kd6 Re1 56. Rf4 Re2 57. Kd7 Re1 58. Kd8 Re2 59. Rd4 Re1 60. Kd7 Re3 61. Kd6 Re2 62. Kd5 Re1 63. Re4 Rd1+ 64. Ke5 Rf1 65. Rd4 Rf5+ 66. Kd6 Ra5 67. Ke7 Rf5 68. Re4 Ra5 69. Rf4 Rb5 70. Rxf7+ Kg8 71. Rf8+ Kg7 72. Rf7+ Kg8 73. Rf4 Kg7 74. Rd4 Re5+ 75. Kd6 Re1 76. Kd5 Re2 77. Re4 Rd2+ 78. Ke6 Rd8 79. Rb4 Re8+ 80. Kd6 Rd8+ 81. Ke7 Rd1 82. Rb7 Rd4 83. Ke6+ Kg8 84. Kf6 Rxh4 85. Kxg6 Kf8 86. Rb8+ Ke7 87. Kg7 Rh1 88. g6 Rg1 89. Rb6 Rh1 90. Kg8 Rh2 91. g7 Rh1 92. Rb4 Rh2 93. Re4+ Kf6 94. Kf8 Kf5 95. Re1 1-0

[Event "Titled Tuesday intern op 17th Jan Early"]
[Site "Chess.com INT"]
[Date "2023.01.17"]
[Round "4"]
[White "Poeta, Caio Medeiros"]
[Black "Wagh, Suyog"]
[Result "1-0"]
[WhiteElo "2088"]
[BlackElo "2341"]
[PlyCount "95"]
[EventDate "2023.01.17"]
[EventType "swiss (blitz)"]
[EventRounds "11"]
[EventCountry "USA"]
[SourceTitle "CBM 212 Extra"]
[Source "ChessBase"]
[SourceDate "2023.03.31"]
[SourceVersion "1"]
[SourceVersionDate "2023.03.31"]
[SourceQuality "1"]

1. d4 Nf6 2. c4 c5 3. Nf3 cxd4 4. Nxd4 e5 5. Nb5 d5 6. cxd5 a6 7. N5c3 Bc5 8. g3 0-0 9. Bg2 b5 10. 0-0 Bb7 11. a3 Nbd7 12. b4 Bd4 13. e3 Bb6 14. Bb2 Rc8 15. Nd2 Re8 16. Rc1 h5 17. Nde4 Bc7 18. Nc5 Nxc5 19. bxc5 Ba5 20. c6 Ba8 21. e4 Bb6 22. h3 Rf8 23. Kh2 h4 24. g4 Ne8 25. Ne2 Qe7 26. f4 exf4 27. Nxf4 Bc7 28. Kh1 b4 29. axb4 Qxb4 30. Qd4 Qxd4 31. Bxd4 Nd6 32. e5 Nb5 33. Bc5 Bxe5 34. Bxf8 Rxf8 35. Nd3 Bd6 36. Nc5 a5 37. Ne4 Be5 38. Rc5 Nd4 39. Rxa5 Ne2 40. Ra2 Nf4 41. Nc5 Bd6 42. Nd7 Re8 43. Nb6 Re3 44. Rxa8+ Kh7 45. Nc4 Re2 46. Nxd6 Nxg2 47. c7 Ne3 48. c8Q 1-0

[Event "Titled Tuesday intern op 17th Jan Early"]
[Site "Chess.com INT"]
[Date "2023.01.17"]
[Round "2"]
[White "Yuan, Qingyu"]
[Black "Poeta, Caio Medeiros"]
[Result "1-0"]
[WhiteElo "2373"]
[BlackElo "2088"]
[PlyCount "87"]
[EventDate "2023.01.17"]
[EventType "swiss (blitz)"]
[EventRounds "11"]
[EventCountry "USA"]
[SourceTitle "CBM 212 Extra"]
[Source "ChessBase"]
[SourceDate "2023.03.31"]
[SourceVersion "1"]
[SourceVersionDate "2023.03.31"]
[SourceQuality "1"]

1. e4 c6 2. d4 d5 3. exd5 cxd5 4. Bd3 Nf6 5. h3 Nc6 6. c3 g6 7. Nf3 Bg7 8. 0-0 0-0 9. Bf4 Bf5 10. Re1 Rc8 11. Bf1 a6 12. Nbd2 b5 13. Nb3 Ne4 14. Nfd2 Nd6 15. Nc5 Ra8 16. a4 bxa4 17. Bxa6 Qb6 18. Qxa4 Nb8 19. Qb3 Qxb3 20. Ndxb3 Nc6 21. Bf1 Rxa1 22. Rxa1 Ne4 23. Nxe4 Bxe4 24. Nc5 Bc2 25. Ra6 Rc8 26. Bb5 Bxd4 27. Nd7 e5 28. Bxc6 Bxf2+ 29. Kxf2 exf4 30. Ra8 Rxa8 31. Bxa8 Kg7 32. Bxd5 g5 33. b4 f5 34. b5 h5 35. b6 g4 36. hxg4 fxg4 37. b7 Bf5 38. Nc5 h4 39. Be4 Kf6 40. Bxf5 Kxf5 41. b8Q h3 42. Qf8+ Kg5 43. Ne6+ Kh4 44. Qh6# 1-0

[Event "Titled Tuesday intern op 27th Dec Early"]
[Site "Chess.com INT"]
[Date "2022.12.27"]
[Round "1"]
[White "Poeta, Caio Medeiros"]
[Black "Magallanes, Rey Jomar"]
[Result "1/2-1/2"]
[WhiteElo "2088"]
[BlackElo "2032"]
[PlyCount "115"]
[EventDate "2022.12.27"]
[EventType "swiss (blitz)"]
[EventRounds "11"]
[EventCountry "USA"]
[SourceTitle "EXT 2024"]
[Source "ChessBase"]
[SourceDate "2023.10.10"]
[SourceVersion "1"]
[SourceVersionDate "2023.10.10"]
[SourceQuality "1"]

1. d4 d5 2. c4 e6 3. Nf3 Nf6 4. g3 Be7 5. Bg2 0-0 6. 0-0 c5 7. cxd5 exd5 8. b3 Nc6 9. Bb2 Bf5 10. Nc3 Rc8 11. Rc1 cxd4 12. Nxd4 Nxd4 13. Qxd4 Bc5 14. Qd2 d4 15. Na4 b6 16. b4 Be7 17. Bxd4 Qd7 18. Nb2 Rcd8 19. e3 Qb5 20. Qc3 Qxb4 21. Qxb4 Bxb4 22. Bxf6 gxf6 23. e4 Be6 24. Nc4 Rc8 25. Ne3 Bd2 26. Rxc8 Rxc8 27. Nf5 Bxf5 28. exf5 Rc1 29. Rxc1 Bxc1 30. Kf1 Kf8 31. Ke2 Ke7 32. Kd3 Kd6 33. Kc4 Ba3 34. f4 h6 35. Bd5 Ke7 36. Kd4 Bc5+ 37. Ke4 a5 38. a4 Bf2 39. g4 Bc5 40. h4 Kf8 41. Bb3 Ba3 42. Kd5 Bc1 43. Ke4 Ba3 44. Bc4 Bb2 45. Bb5 Ba3 46. Bc4 Bb2 47. Kf3 Bc1 48. Kg3 Bd2 49. Kf3 Bc1 50. Ke4 Bd2 51. h5 Bc1 52. Be2 Bd2 53. Bc4 Bc1 54. Bb5 Bd2 55. Bc6 Bc1 56. Bb5 Bd2 57. Kf3 Bc1 58. Ke4 1/2-1/2

[Event "Titled Tuesday intern op 27th Dec Early"]
[Site "Chess.com INT"]
[Date "2022.12.27"]
[Round "2"]
[White "Rosh, Jain"]
[Black "Poeta, Caio Medeiros"]
[Result "0-1"]
[WhiteElo "2325"]
[BlackElo "2088"]
[PlyCount "164"]
[EventDate "2022.12.27"]
[EventType "swiss (blitz)"]
[EventRounds "11"]
[EventCountry "USA"]
[SourceTitle "EXT 2024"]
[Source "ChessBase"]
[SourceDate "2023.10.10"]
[SourceVersion "1"]
[SourceVersionDate "2023.10.10"]
[SourceQuality "1"]

1. e4 c6 2. Nc3 d5 3. Nf3 Bg4 4. h3 Bh5 5. exd5 cxd5 6. Bb5+ Nc6 7. g4 Bg6 8. Ne5 Rc8 9. d4 e6 10. Be3 Bd6 11. Nxg6 hxg6 12. Qd2 a6 13. Bxc6+ Rxc6 14. a3 Ne7 15. Bf4 b5 16. Bxd6 Qxd6 17. Na2 Nc8 18. Nb4 Rc7 19. Nd3 Nb6 20. b3 Nd7 21. a4 0-0 22. h4 Rfc8 23. Ra2 Nf6 24. f3 Qg3+ 25. Ke2 Qg2+ 26. Nf2 Rc3 27. Rh3 Nxg4 28. fxg4 Rxh3 29. axb5 axb5 30. Qf4 Rhc3 31. Ra7 Rxc2+ 32. Ke1 Rc1+ 33. Kd2 R8c2+ 34. Ke3 Qxf2+ 35. Qxf2 Rxf2 36. Kxf2 Rc3 37. Ra8+ Kh7 38. g5 Rxb3 39. Rf8 Rh3 40. Rxf7 Rxh4 41. Re7 Rxd4 42. Rxe6 b4 43. Rb6 Kg8 44. Rb5 Kf7 45. Ke3 Rd1 46. Rxb4 Ke6 47. Rb7 Kf5 48. Rxg7 Kxg5 49. Rh7 Kf5 50. Rh2 g5 51. Rg2 g4 52. Rf2+ Kg5 53. Rf8 Ra1 54. Kf2 Ra2+ 55. Kg3 Ra3+ 56. Kg2 d4 57. Rd8 Ra4 58. Kg3 Ra3+ 59. Kg2 Rd3 60. Rf8 Kg6 61. Rf4 Kg5 62. Rf8 g3 63. Rf7 Re3 64. Rd7 d3 65. Rd5+ Kg4 66. Rd4+ Kf5 67. Rd8 Kf4 68. Rf8+ Ke4 69. Re8+ Kd4 70. Rd8+ Kc3 71. Rc8+ Kd2 72. Rd8 Ke2 73. Rc8 d2 74. Rc2 Ke1 75. Rxd2 Kxd2 76. Kg1 Ke2 77. Kh1 g2+ 78. Kg1 Kf3 79. Kh2 Re8 80. Kg1 Rf8 81. Kh2 Rh8+ 82. Kg1 Rh1# 0-1

[Event "Titled Tuesday intern op 15th Sept"]
[Site "Chess.com INT"]
[Date "2020.09.15"]
[Round "7"]
[White "Poeta, Caio Medeiros"]
[Black "Aslanov, Umid Fuad"]
[Result "1-0"]
[WhiteElo "2088"]
[BlackElo "2019"]
[PlyCount "67"]
[EventDate "2020.09.15"]
[EventType "swiss (blitz)"]
[EventRounds "10"]
[EventCountry "USA"]
[SourceTitle "CBM 198 Extra"]
[Source "ChessBase"]
[SourceDate "2020.11.30"]
[SourceVersion "1"]
[SourceVersionDate "2020.11.30"]
[SourceQuality "1"]

1. d4 Nf6 2. c4 e6 3. g3 d5 4. Nf3 dxc4 5. Bg2 Be7 6. 0-0 0-0 7. Qc2 c6 8. Rd1 b6 9. Ne5 Bb7 10. Nxc4 Nbd7 11. Nc3 Rc8 12. e4 Re8 13. Bf4 Nf8 14. e5 Nd5 15. Ne4 Nxf4 16. gxf4 Ba6 17. Ncd6 Rc7 18. Nxe8 Qxe8 19. a4 Ng6 20. f5 exf5 21. Nd6 Bxd6 22. exd6 Rc8 23. Qxf5 Rd8 24. a5 Bc8 25. Qe4 Be6 26. Qxc6 Bd7 27. Qc7 Nf4 28. Re1 Qf8 29. Re7 Be6 30. a6 Nxg2 31. Kxg2 Rc8 32. Qxa7 Qd8 33. d7 Bd5+ 34. Kg1 1-0